000
00327nam a2200133Ia 4500
005
20251222144629.0
008
251222s9999||||xx |||||||||||||| ||spa||
020
_a
84-7827-264-X
082
_a
372.7/A15
100
_a
Abrantes, Paulo
245
0
_a
La Resolución de Problemas en Matemáticas
264
_b
Graó
942
_c
LIB
999
_c
16220
_d
16220